| 000 | 01797cam a22004814i 4500 | ||
|---|---|---|---|
| 003 | PE-LiUPU | ||
| 005 | 20250731180115.0 | ||
| 008 | 150623s r 000 0 d | ||
| 035 | _a(Sirsi) a24355 | ||
| 040 |
_aPE-LiUPU _bspa _cPE-LiUPU _erda |
||
| 082 | 0 | 4 |
_a501 _bK92 _221 |
| 100 | 1 |
_aKuhn, Thomas S., _eautor. |
|
| 245 | 1 | 4 |
_aThe structure of scientific revolutions / _cThomas S. Khun. |
| 264 | 1 |
_aChicago, IL : _bThe University of Chicago Press, _c1970. |
|
| 300 |
_a210 páginas ; _c23 cm. |
||
| 336 |
_atext _2rdacontent |
||
| 337 |
_aunmediated _2rdamedia |
||
| 338 |
_avolume _2rdacarrier |
||
| 505 | 0 | _aThe route to normal science. -The nature of normal sciece. -Norml science as puzzle-solving. -The priority of paradigms. Anomaly and the emergence of scientific theories. -the response to crisis. -The nature and necessity of scientific revolutions. -revolutions as changes of world view. -the invisibility of revolutions. -The resolution of revolutions. -Progress through revolutions. | |
| 526 | _aSEG44 | ||
| 526 | _aSEG26 | ||
| 526 | _aP159 | ||
| 526 | _aP155 | ||
| 526 | _aP154 | ||
| 526 | _aP153 | ||
| 526 | _aP150 | ||
| 526 | _aP100 | ||
| 526 | _aP31 | ||
| 526 | _aP30 | ||
| 526 | _aP26 | ||
| 526 | _aP25 | ||
| 526 | _aP24 | ||
| 526 | _aP22 | ||
| 526 | _aP15 | ||
| 526 | _aP10 | ||
| 650 | 0 | 4 |
_aCiencia _xFilosofía. |
| 650 | 0 | 4 |
_aCiencia _xHistoria. |
| 942 |
_2ddc _cBOOK |
||
| 949 |
_a501 K92 _wDEWEY _c1 _i48653 _lCCODEBUL1 _mBUL _p00.00 _r0 _sY _tBOOK _u2015-06-24 _xTEOLOGIA _PP35 _0COMPRA _o.STAFF. Colección General |
||
| 596 | _a1 | ||
| 999 |
_a501 K92 _wDEWEY _c27824 _i48653 _f2021-11-11 _g5 _lCCODEBUL1 _mBUL _r0 _sY _tBOOK _u2015-6-24 _xTEOLOGIA _PP35 _0COMPRA _o.STAFF. Colección General _d27824 |
||
| 980 |
_81 _gALBERTO SANCHEZ Responsable de Automatización |
||